1872 1839 1143 1894 1920 1011 1682 1775 1259 1887 1523 1966 1477 1044 1965 1968 1779 1908 1427 1417 1564 1253 1665 1784 1212 1306 1432 1198 1595 1620 1614 1395 1393 1314 1104 1166 1158 1915 1447 1749 1369 1393 1326 1711 1836 1480 1917 1842 1178 1129 1887 1952 1716 1870 1564 1821 1673 1734 1807 1920 1775 1090 1274 1001 1087 1736 1427 1020 1553 1305 1508 1049 1339 1179 1227 1788 1498 1694 1810 1225 1827 1873 1649 1397 1782 1318 1828 1470 1150 1313 1748 1380 1979 1017 1769 1686 1205 1851 1451 BCNSPRNW ULIB Ver.6.0+V

เปลี่ยนเป็นภาษาไทย

Change to English
 แสดงรายละเอียดบรรณานุกรม
  กลับหน้าหลัก

Brief Record : Get Marc (ISO 2709) : E-mail record : QR code < ปิดหน้าต่าง
LEADER : 00000nam 2200000uu 4500
001    13399111501
003     ULIB
008    110629s2550||||th 000 0 tha d
020    9789740963257
060 04 QU4^bพ524 2550
245 00 ตำราชีวเคมี /^cบรรณาธิการ พัชรี บุญศิริ...[และคนอื่นๆ]
250    พิมพ์ครั้งที่ 5
260    ขอนแก่น :^bภาควิชาชีวเคมี คณะแพทยศาสตร์ มหาวิทยาลัยขอนแก่น,^c2550
300    576 หน้า :^bภาพประกอบ
650  7 ชีวเคมี
650  7 ชีวโมเลกุล
700 0  เปรมใจ อารีจิตรานุสรณ์,^cบรรณาธิการ
710 2  มหาวิทยาลัยขอนแก่น. ^bคณะแพทยศาสตร์. ^bภาควิชาชีวเคมี
945    ^p390^l0^i16566
945    ^p390^l0^i15165
945    ^p390^l0^i15164
945    ^p390^l0^i18438
945    ^p390^l0^i18439
945    ^p390^l0^i18440
945    ^p390^l0^i18441
945    ^p390^l0^i18443
945    ^p390^l0^i18615
945    ^p390^l0^i15166
995    กัณชพร
999    ^aใช้งานได้ทุกระบบ
รายการนี้ยังไม่มีแท็ก
คุณยังไม่ได้ล็อกอิน คุณสามารถมีกิจกรรมร่วมกับเว็บไซต์ได้ แต่ต้องล็อกอินก่อน ::
  ล็อกอิน

รายการสื่อสารสนเทศ

ลำดับที่ ประเภท เลขเรียก/บาร์โค้ด สถานที่ สถานะ
1. วิทยาศาสตร์การแพทย์ และสุขภาพ
วิทยาศาสตร์การแพทย์ และสุขภาพ
QU4 พ524 2550 ฉ.12 
  Barcode: 15166
ห้องสมุดวิทยาเขตสวรรค์ประชารักษ์
►หนังสือทั่วไป
บนชั้น
2. วิทยาศาสตร์การแพทย์ และสุขภาพ
วิทยาศาสตร์การแพทย์ และสุขภาพ
QU4 พ524 2550 ฉ.6 
  Barcode: 18439
ห้องสมุดวิทยาเขตสวรรค์ประชารักษ์
►ส่วนจัดเก็บหนังสือเก่า สปร
บนชั้น
  ขอยืม

รายการใกล้เคียง
    หัวเรื่อง [ชีวเคมี]
    หัวเรื่อง [ชีวโมเลกุล]

BibComment


ยังไม่เคยถูกคอมเมนท์

คอมเมนท์ทรัพยากรรายการนี้
  คอมเมนท์: ตำราชีวเคมี บรรณ..


 Copyright 2026. Bcnsprnw @Library